000 01507cam a22004457a 4500
003 CHAP
005 20251104135250.0
008 000114d1998 mx a r 00010 spa d
010 _a79220
011 _a80192
035 _a90638
040 _cCHAP
090 _aFolleto 15573
100 1 0 _aGómez Moscoso, Rodulfo
_949824
245 0 _aOportunidades de desarrollo de la palma de aceite en México
_c/por Rodulfo Gómez Moscoso {y otros}
260 _aMorelia, Mich. :
_bFIRA,
_c1998.
300 _a100 p. :
_bilus.
410 _aFIRA
490 0 _aBoletin informativo
_v; XXX (308)
590 _aBATCH-UPD
_b10
_c20130110
_lUCH01
_h0239
590 _aBATCH-UPD
_b10
_c20130110
_lUCH01
_h1315
590 _aBATCH-UPD
_b10
_c20130410
_lUCH01
_h0145
590 _aBATCH-UPD
_b10
_c20130410
_lUCH01
_h1632
590 _aBATCH-UPD
_b10
_c20130914
_lUCH01
_h0650
590 _aBATCH-UPD
_b10
_c20130914
_lUCH01
_h2143
590 _aCONVERSION
_b10
_c20130109
_lUCH01
_h1344
650 1 4 _aElaeis guineensis.
650 1 4 _aPalmas
_xIndustria.
_984977
650 1 4 _aPlantas oleaginosas.
_989032
700 0 _aCuevas Verduzco, Carlos César.
_930186
700 0 _aHernández Galan, Erasmo.
700 0 _aSol Zapotitla, Juan Manuel.
_9108324
810 _aFIRA
_941029
830 0 _aBoletin informativo
_v; XXX (308)
901 _aBK
905 _aLilia Sánchez G.
942 _cFOLL
949 _aFolleto 15573
_bBC
_cFOLL
_d906381
_eTS1
_i90638
_sb
949 _aFolleto 15573
_bBC
_cFOLL
_d906382
_eTS2
_fc.2
_i90638
_si
999 _c79220
_d79220